مكتبة جامعة عجلون الوطنية

فهرس بحث المكتبة

Normal view MARC view
  • تصنيف الزركشي، بدر الدين محمد بن بهادر بن عبدالله؛ دراسة وتحقيق احمد مصطفى القضاة

Entry Personal Name

Number of records used in: 1

001 - CONTROL NUMBER

  • control field: 62167

003 - CONTROL NUMBER IDENTIFIER

  • control field: JO-AjAnu

005 - DATE AND TIME OF LATEST TRANSACTION

  • control field: 20230606084144.0

008 - FIXED-LENGTH DATA ELEMENTS

  • fixed length control field: 230606|| aca||aabn | a|a d

040 ## - CATALOGING SOURCE

  • Original cataloging agency: JO-AjAnu
  • Transcribing agency: JO-AjAnu

100 ## - HEADING--PERSONAL NAME

  • Personal name: تصنيف الزركشي، بدر الدين محمد بن بهادر بن عبدالله؛ دراسة وتحقيق احمد مصطفى القضاة

670 ## - SOURCE DATA FOUND

  • Source citation: Work cat.: (JO-AjAnu)31706: تصنيف الزركشي، بدر الدين محمد بن بهادر بن عبدالله؛ دراسة وتحقيق احمد مصطفى القضاة, author, الغرر والسوافر عما يحتاج اليه المسافر